000 01463nab a2200229 i 4500
001 768714001
003 CO-MdFUSB
005 20240508172222.0
008 240508t1967 sp ||||| |||| 00| 0 spa d
040 _bspa
_cCO-MdFUSB
_dCO-MdFUSB
041 _aspa
100 _aBlank, Josef,
_eautor
245 _aSobre el problema de las «normas éticas» en el Nuevo Testamento
_c/ Josef Blank
520 _aEste artículo pretende conectar la teología moral moderna con la moralidad del Nuevo Testamento. Si se quiere encontrar una solución para los problemas implicados, será más útil señalar cuáles son los problemas que ofrecen hechos que pueden ser útiles más tarde. El punto de partida es el siguiente: es preciso mantener la constante tensión entre las exigencias de la Escritura y las del momento presente para que sea posible cualquier progreso en la discusión. Se debe encontrar una vía media entre el legalismo y esa capacidad de decisión espontánea de la libertad cristiana que, según San Pablo, fue llegada a la Iglesia.
630 0 7 _aBiblia.
_pNuevo Testamento
_xCrítica, interpretación, etc.
650 2 _aConciencia (Moral)
_9927
650 0 _aBiblia
_916
650 7 _aÉtica cristiana
_9185
773 0 _049450
_982585
_oR2515
_tRevista internacional de teología Concilium
_w(CO-MdFUSB)8
_x0210-1041
_gNúmero 25, (mayo, 1967), páginas: 187 - 201
_qpágina: 187
942 _cANA
945 _aCatherine Arias Alvarez - Practicante SENA
999 _c69577
_d69577